Loading...
| Fine Arts - Other | 0 | 6 | 1 | 0 | 55 | 31 | 91.67 | 0 | 3 | 0.00 | 0.00 |
| Philosophy | 0 | 5 | 2 | 0 | 40 | 62 | 86.80 | 0 | 1 | 0.00 | 0.00 |
| Social Science | 0 | 3 | 0 | 0 | 30 | 130 | 134.00 | 0 | 0 | 0.00 | 0.00 |
| Science - Physics | 0 | 4 | 3 | 0 | 25 | 82 | 121.00 | 0 | 1 | 0.00 | 0.00 |
| Fine Arts - Classical Music | 0 | 2 | 0 | 0 | 20 | 30 | 52.00 | 1 | 1 | 0.00 | 0.00 |
| Science - Other | 0 | 3 | 2 | 1 | 20 | 34 | 90.33 | 1 | 1 | 0.00 | 0.00 |
| Other Academic | 0 | 2 | 0 | 1 | 20 | 132 | 136.50 | 0 | 1 | 0.00 | 0.00 |
| Literature - European | 0 | 3 | 3 | 0 | 15 | 103 | 115.67 | 0 | 1 | 0.00 | 0.00 |
| Literature - American | 0 | 3 | 3 | 1 | 15 | 79 | 129.33 | 0 | 1 | 0.00 | 0.00 |
| Fine Arts - Painting & Sculpture | 0 | 2 | 1 | 0 | 15 | 118 | 135.50 | 0 | 0 | 0.00 | 0.00 |
| Science - Biology | 0 | 1 | 0 | 0 | 10 | 132 | 132.00 | 0 | 0 | 0.00 | 0.00 |
| Current Events | 0 | 1 | 1 | 1 | 5 | 109 | 109.00 | 0 | 0 | 0.00 | 0.00 |
| Geography | 0 | 1 | 1 | 0 | 5 | 101 | 101.00 | 0 | 0 | 0.00 | 0.00 |
| Literature - British | 0 | 2 | 3 | 0 | 5 | 122 | 135.00 | 0 | 1 | 0.00 | 0.00 |
| Religion | 0 | 1 | 2 | 1 | 0 | 128 | 128.00 | 0 | 0 | 0.00 | 0.00 |
| Literature - World | 0 | 1 | 3 | 0 | -5 | 117 | 117.00 | 0 | 1 | 0.00 | 0.00 |